00900nac a22002171u 4500008004100000010001700041020001500058082001900073100004100092245008200133250001200215260006200227300003600289490006800325504005100393650002700444700002800471942002700499999001500526952014100541100913t xxu||||| |||| 00| 0 eng d a 2006272508 a013149726X a621.38152bSTR aStreetman, Ben G. 91882710aSolid State Electronic Devices /cBen G. Streetman and Sanjay Kumar Banerjee. a6th ed. aUpper Saddle River, N.J. :bPearson/Prentice Hall,cc2006 axviii, 581 p. :bill. ;c25 cm. 918826aPrentice Hall Series in Solid State Physical Electronics aIncludes bibliographical references and index. 0aSemiconductors.9188281 918829aBanerjee, Sanjay cBBk621.38152 STR2ddc c1971d1971 00102ddc40708 aMAINbMAINc1STd2010-09-13epurchasel10m32o621.38152 STRp000002314r2025-11-27 00:00:00s2025-11-20v280.00yBB